| 000 | 00465nam a22001577a 4500 | ||
|---|---|---|---|
| 008 | 190806b xxu||||| |||| 00| 0 eng d | ||
| 020 | _a978 1 58510 012 5 | ||
| 050 | _aPE1576.D92(2e) | ||
| 100 | _aDunmore, Charles W. | ||
| 245 |
_aStudies in etymology. / _cCharles W. Dunmore. |
||
| 250 | _a2nd ed. | ||
| 260 |
_aNewburyport : _bFocus Publishing, _c2008. |
||
| 300 |
_aix, 236 p.: _bill. ; _c26 cm. |
||
| 500 | _aIncludes index and bibliography | ||
| 942 |
_2lcc _cBK |
||
| 999 |
_c6861 _d14361 |
||